[Event "ICS rated bullet match"]
[Site "204.178.125.65"]
[Date "2000.11.30"]
[Round "?"]
[White "Crypton"]
[Black "Hossa"]
[Result "0-1"]
[WhiteElo "1980"]
[BlackElo "2618"]
[PlyCount "66"]
[EventDate "2000.??.??"]

1. e4 c5 2. f3 d5 3. d3 e5 4. Nc3 d4 5. Nce2 Bd6 6. Ng3 Nf6 7. Be2 O-O 8. Bg5
Qb6 9. Rb1 Qa5+ 10. Bd2 Qxa2 11. Bg5 Nc6 12. Bxf6 gxf6 13. Nh3 Qa5+ 14. Qd2
Qxd2+ 15. Kxd2 Bc7 16. Nf2 Be6 17. Ng4 Bd8 18. Nh6+ Kh8 19. Nhf5 Ne7 20. b4
Bxf5 21. Nxf5 Nxf5 22. exf5 cxb4 23. Rxb4 Ba5 24. Rhb1 Rg8 25. Bf1 Rac8 26. Kd1
Bxb4 27. Rxb4 Rc7 28. Be2 Rxg2 29. Ra4 a6 30. Ra2 Rxh2 31. Kd2 h5 32. f4 exf4
33. Ke1 Re7 {Crypton resigns} 0-1

[Event "ICS rated bullet match"]
[Site "204.178.125.65"]
[Date "2000.11.30"]
[Round "?"]
[White "Hossa"]
[Black "Crypton"]
[Result "1-0"]
[WhiteElo "2619"]
[BlackElo "1979"]
[PlyCount "79"]
[EventDate "2000.??.??"]

1. e4 c5 2. Bc4 e6 3. Nc3 d5 4. exd5 exd5 5. Nxd5 Be6 6. Bb5+ Nc6 7. Nf4 Qc7 8.
Nxe6 fxe6 9. Qh5+ Qf7 10. Bxc6+ bxc6 11. Qxf7+ Kxf7 12. Nf3 Nf6 13. Ne5+ Ke8
14. b3 Rc8 15. Bb2 Bd6 16. Ke2 Bxe5 17. Bxe5 Nd5 18. Bxg7 Rg8 19. Be5 Rxg2 20.
Bg3 h5 21. Kf3 h4 22. Kxg2 hxg3 23. fxg3 Ke7 24. c3 Rf8 25. Raf1 Ra8 26. h4 a5
27. g4 a4 28. c4 Nb4 29. a3 Nd3 30. Rh3 Ne5 31. Re1 Nxg4 32. Rg3 Nf6 33. Rg7+
Kf8 34. Rb7 axb3 35. Rf1 Rxa3 36. Rxf6+ Kg8 37. Rxe6 Kf8 38. Rxc6 Ra8 39. Rxc5
b2 40. Rxb2 {Crypton resigns} 1-0

[Event "ICS rated bullet match"]
[Site "204.178.125.65"]
[Date "2000.11.30"]
[Round "?"]
[White "Crypton"]
[Black "Hossa"]
[Result "0-1"]
[WhiteElo "1978"]
[BlackElo "2620"]
[PlyCount "34"]
[EventDate "2000.??.??"]

1. e4 c5 2. f4 e5 3. d3 exf4 4. Bxf4 Ne7 5. Nf3 d5 6. e5 Ng6 7. Qd2 Qb6 8. c3
Nxf4 9. Qxf4 Qxb2 10. Be2 Qxa1 11. O-O Qxa2 12. Ng5 Qxe2 13. Qxf7+ Kd8 14. e6
Qe3+ 15. Kh1 Qxg5 16. Re1 Be7 17. Na3 Rf8 {Crypton resigns} 0-1

[Event "ICS rated bullet match"]
[Site "204.178.125.65"]
[Date "2000.11.30"]
[Round "?"]
[White "Hossa"]
[Black "Crypton"]
[Result "1-0"]
[WhiteElo "2621"]
[BlackElo "1977"]
[PlyCount "25"]
[EventDate "2000.??.??"]

1. e4 c5 2. Nf3 e6 3. d4 cxd4 4. Nxd4 Nc6 5. Be3 Bc5 6. Nxc6 bxc6 7. Bxc5 Qa5+
8. b4 Qc7 9. Bd6 Qb6 10. Nc3 Ne7 11. Na4 Qb7 12. Rb1 O-O 13. Nc5 {
Crypton resigns} 1-0

[Event "ICS rated bullet match"]
[Site "204.178.125.65"]
[Date "2000.11.30"]
[Round "?"]
[White "Hossa"]
[Black "Crypton"]
[Result "1-0"]
[WhiteElo "2623"]
[BlackElo "1975"]
[PlyCount "63"]
[EventDate "2000.??.??"]

1. e4 d5 2. exd5 e6 3. dxe6 Bxe6 4. d4 Nf6 5. Nf3 Be7 6. Bd3 O-O 7. O-O c6 8.
Re1 Bg4 9. h3 Bh5 10. Bg5 Bg6 11. Bxg6 hxg6 12. c4 Nbd7 13. Qb3 Rb8 14. Bf4 Rc8
15. Qxb7 Nb6 16. Qxe7 Nxc4 17. b3 Nb6 18. Qxa7 Nbd5 19. Be5 Nd7 20. Bd6 Re8 21.
Rxe8+ Qxe8 22. Qb7 N7b6 23. Na3 Rd8 24. Re1 Qd7 25. Qxd7 Rxd7 26. Bc5 Nc8 27.
Re8+ Kh7 28. Rxc8 Nf4 29. Rxc6 Ne2+ 30. Kf1 Nf4 31. Ne5 Re7 32. Bxe7 {
Crypton resigns} 1-0

[Event "ICS rated bullet match"]
[Site "204.178.125.65"]
[Date "2000.11.30"]
[Round "?"]
[White "Hossa"]
[Black "Crypton"]
[Result "1-0"]
[WhiteElo "2625"]
[BlackElo "1973"]
[PlyCount "41"]
[EventDate "2000.??.??"]

1. e4 c5 2. Nf3 e6 3. d4 d5 4. exd5 exd5 5. Bb5+ Bd7 6. Bxd7+ Qxd7 7. O-O c4 8.
Re1+ Be7 9. Ne5 Qd6 10. Qg4 g6 11. Qc8+ Qd8 12. Qxd8+ Bxd8 13. Nxg6+ Kd7 14.
Nxh8 Nc6 15. Nxf7 Nxd4 16. Na3 b5 17. Nxd8 Rxd8 18. Rd1 Ne2+ 19. Kf1 Nxc1 20.
Rxd5+ Kc6 21. Rxd8 {Crypton resigns} 1-0

[Event "ICS rated bullet match"]
[Site "204.178.125.65"]
[Date "2000.11.30"]
[Round "?"]
[White "Crypton"]
[Black "Hossa"]
[Result "0-1"]
[WhiteElo "1972"]
[BlackElo "2626"]
[PlyCount "54"]
[EventDate "2000.??.??"]

1. e4 c5 2. f4 e5 3. d3 exf4 4. Bxf4 Ne7 5. Nf3 d5 6. Nc3 d4 7. Ne2 Ng6 8. Bd2
Bg4 9. Ng3 Bd6 10. Be2 Bxg3+ 11. hxg3 Qd6 12. Bf4 Nxf4 13. gxf4 Qxf4 14. Qd2
Qg3+ 15. Kd1 Nd7 16. Kc1 f6 17. b3 O-O-O 18. Kb2 Qf2 19. Raf1 Qe3 20. Qxe3 dxe3
21. Rh4 h5 22. Re1 Kc7 23. Nh2 Ne5 24. Bxg4 hxg4 25. Rxh8 Rxh8 26. Nf1 Rh1 27.
Kc1 e2 {Crypton resigns} 0-1

[Event "ICS rated bullet match"]
[Site "204.178.125.65"]
[Date "2000.11.30"]
[Round "?"]
[White "Hossa"]
[Black "Crypton"]
[Result "1-0"]
[WhiteElo "2627"]
[BlackElo "1971"]
[PlyCount "57"]
[EventDate "2000.??.??"]

1. c4 e5 2. g3 d6 3. Bg2 Nc6 4. d3 Bd7 5. Nf3 f5 6. O-O Nf6 7. d4 e4 8. d5 Ne5
9. Nxe5 dxe5 10. Bg5 Bd6 11. Qb3 b6 12. Nc3 O-O 13. g4 g6 14. gxf5 Bxf5 15.
Nxe4 Bxe4 16. Bxe4 Be7 17. d6 cxd6 18. c5+ Kh8 19. Bxa8 Qxa8 20. cxb6 axb6 21.
Bh6 Rg8 22. Qxb6 Qe4 23. Qe3 Qg4+ 24. Kh1 Nh5 25. f4 Rf8 26. Bxf8 Nxf4 27. Rxf4
exf4 28. Qc3+ Kg8 29. Qg7# {Crypton checkmated} 1-0

[Event "ICS rated bullet match"]
[Site "204.178.125.65"]
[Date "2000.11.30"]
[Round "?"]
[White "Crypton"]
[Black "Hossa"]
[Result "0-1"]
[WhiteElo "1970"]
[BlackElo "2628"]
[PlyCount "56"]
[EventDate "2000.??.??"]

1. e4 c5 2. Bc4 e6 3. d3 d5 4. exd5 exd5 5. Bb3 Nf6 6. Nf3 Qe7+ 7. Qe2 Qxe2+ 8.
Kxe2 Be7 9. Re1 Bg4 10. Nbd2 Nc6 11. Kf1 O-O 12. a3 Bd6 13. h3 Bf5 14. Nh4 Be6
15. Nhf3 b5 16. Ng5 Bc8 17. Ndf3 h6 18. Nxf7 Rxf7 19. Bd2 c4 20. dxc4 dxc4 21.
Ba2 Bf5 22. Bc3 Bxc2 23. Re2 Bd3 24. Rae1 Ne4 25. Kg1 Bxe2 26. Rxe2 Nxc3 27.
bxc3 Bxa3 28. Rd2 a5 {Crypton resigns} 0-1

[Event "ICS rated bullet match"]
[Site "204.178.125.65"]
[Date "2000.11.30"]
[Round "?"]
[White "Hossa"]
[Black "Crypton"]
[Result "1-0"]
[WhiteElo "2629"]
[BlackElo "1969"]
[PlyCount "71"]
[EventDate "2000.??.??"]

1. e4 d6 2. d4 c6 3. Bd3 Nd7 4. Nf3 Nb6 5. O-O e5 6. dxe5 dxe5 7. Nxe5 Bd6 8.
Nf3 Ne7 9. Be3 Qc7 10. Kh1 Bg4 11. h3 Bh5 12. c4 c5 13. Nc3 O-O 14. Nb5 Qc6 15.
Qe2 a6 16. Nxd6 Qxd6 17. e5 Qc7 18. Rfd1 Rad8 19. Be4 Nc6 20. Bxc5 Na4 21. Bd6
Qb6 22. Bxf8 Rxf8 23. Qc2 Qxb2 24. Bxh7+ Kh8 25. g4 Qxc2 26. Bxc2 Bg6 27. Bxa4
Ne7 28. Kg2 Rc8 29. Rd7 Ng8 30. Rxb7 Rxc4 31. Bb3 Rf4 32. Kg3 Re4 33. Bxf7 Bxf7
34. Rxf7 Nf6 35. exf6 gxf6 36. Rxf6 {Crypton resigns} 1-0

[Event "ICS rated bullet match"]
[Site "204.178.125.65"]
[Date "2000.11.30"]
[Round "?"]
[White "Crypton"]
[Black "Hossa"]
[Result "0-1"]
[WhiteElo "1968"]
[BlackElo "2630"]
[PlyCount "54"]
[EventDate "2000.??.??"]

1. e4 c5 2. f4 e5 3. d3 exf4 4. Bxf4 Ne7 5. Nf3 d5 6. e5 Ng6 7. Qd2 Qb6 8. b3
Nxf4 9. Qxf4 Be7 10. Be2 O-O 11. O-O Be6 12. Kh1 f6 13. Nbd2 Nc6 14. exf6 Bxf6
15. Rae1 Nb4 16. Qg3 Nxc2 17. Rc1 Ne3 18. Rf2 Bb2 19. Re1 Bc3 20. h3 Rae8 21.
Ng5 Bxd2 22. Nxe6 Qxe6 23. Rxf8+ Rxf8 24. Rg1 Nf5 25. Qf3 Nd4 26. Qg4 Qxe2 27.
Qxe2 Nxe2 {Crypton resigns} 0-1

[Event "ICS rated bullet match"]
[Site "204.178.125.65"]
[Date "2000.11.30"]
[Round "?"]
[White "Hossa"]
[Black "Crypton"]
[Result "1-0"]
[WhiteElo "2631"]
[BlackElo "1967"]
[PlyCount "29"]
[EventDate "2000.??.??"]

1. e4 e6 2. d4 g6 3. Nf3 Bg7 4. Bc4 b6 5. O-O Bb7 6. Nc3 Ne7 7. Bf4 O-O 8. Be5
d6 9. Bxg7 Kxg7 10. Qe2 Nd7 11. Qe3 a6 12. Qf4 Rc8 13. a3 Rh8 14. Ng5 Qf8 15.
Bxe6 {Crypton resigns} 1-0

[Event "ICS rated bullet match"]
[Site "204.178.125.65"]
[Date "2000.11.30"]
[Round "?"]
[White "Crypton"]
[Black "Hossa"]
[Result "0-1"]
[WhiteElo "1966"]
[BlackElo "2632"]
[PlyCount "46"]
[EventDate "2000.??.??"]

1. e4 c5 2. d3 e6 3. f4 d5 4. exd5 exd5 5. Nf3 Nf6 6. Qe2+ Be7 7. Bd2 Qb6 8.
Bc3 d4 9. Bd2 Qxb2 10. g3 Qxa1 11. Qd1 Qxa2 12. Bg2 Ng4 13. O-O Ne3 14. Bxe3
dxe3 15. Re1 Nc6 16. Rxe3 O-O 17. Nc3 Qb2 18. Nd5 Bd6 19. Qe2 Qa2 20. Ng5 Nd4
21. Qh5 Bf5 22. Be4 Qb1+ 23. Kg2 Qxc2+ {Crypton resigns} 0-1

[Event "ICS rated bullet match"]
[Site "204.178.125.65"]
[Date "2000.11.30"]
[Round "?"]
[White "Hossa"]
[Black "Crypton"]
[Result "1-0"]
[WhiteElo "2633"]
[BlackElo "1965"]
[PlyCount "61"]
[EventDate "2000.??.??"]

1. e4 d6 2. d4 e6 3. Nc3 Bd7 4. Nf3 Bc6 5. d5 Bd7 6. dxe6 fxe6 7. Bc4 Be7 8.
Ng5 Bxg5 9. Qh5+ g6 10. Qxg5 Qxg5 11. Bxg5 Nc6 12. O-O Ne5 13. Be2 h6 14. Bh4
g5 15. f4 Nf7 16. Bg3 O-O-O 17. Bh5 Rf8 18. fxg5 hxg5 19. Rxf7 Rxf7 20. Bxf7
Nh6 21. Rf1 Nxf7 22. Rxf7 e5 23. h3 Kd8 24. Rg7 Rf8 25. Bf2 a6 26. Rxg5 b5 27.
Rg7 b4 28. Nd5 Bc6 29. Bh4+ Kc8 30. Rxc7+ Kb8 31. Rxc6 {Crypton resigns} 1-0

[Event "ICS rated bullet match"]
[Site "204.178.125.65"]
[Date "2000.11.30"]
[Round "?"]
[White "Crypton"]
[Black "Hossa"]
[Result "0-1"]
[WhiteElo "1964"]
[BlackElo "2634"]
[PlyCount "72"]
[EventDate "2000.??.??"]

1. e4 c5 2. d3 e6 3. f4 d5 4. Nf3 dxe4 5. dxe4 Qxd1+ 6. Kxd1 Be7 7. Bd3 Nf6 8.
Nc3 O-O 9. Bd2 Nc6 10. Re1 Rd8 11. Kc1 Ng4 12. h3 Nf2 13. Be2 Nd4 14. Nb5 Nxe4
15. Nbxd4 cxd4 16. Bd3 Nxd2 17. Kxd2 Bb4+ 18. Ke2 Bxe1 19. Rxe1 b6 20. Kf2 Bb7
21. Ne5 Bd5 22. b3 Rac8 23. Re2 g6 24. g4 Rc3 25. f5 gxf5 26. gxf5 exf5 27. Re1
f6 28. Nf3 Be4 29. Bxe4 fxe4 30. Rxe4 Rxc2+ 31. Kg3 d3 32. Nh4 d2 33. Nf5 d1=Q
34. Re7 Qg1+ 35. Kf4 Rf2+ 36. Ke3 Qe1# {Crypton checkmated} 0-1

[Event "ICS rated bullet match"]
[Site "204.178.125.65"]
[Date "2000.11.30"]
[Round "?"]
[White "TrialGangster"]
[Black "Hossa"]
[Result "0-1"]
[WhiteElo "1920"]
[BlackElo "2635"]
[PlyCount "52"]
[EventDate "2000.??.??"]

1. d4 e6 2. e3 d5 3. f4 c5 4. c3 cxd4 5. cxd4 Nf6 6. Bd3 Ne4 7. Qc2 Nc6 8. a3
Qh4+ 9. Kf1 Ng3+ 10. hxg3 Qxh1 11. Bb5 Bd7 12. Nd2 a6 13. Ba4 Rc8 14. Qd3 b5
15. Bd1 Be7 16. b4 Rc7 17. Bb2 Qh2 18. Kf2 Bd6 19. Ndf3 Qh6 20. g4 Qg6 21. Qxg6
fxg6 22. g5 Kf7 23. Bb3 a5 24. bxa5 Nxa5 25. Ba2 Rc2+ 26. Ke1 Rxb2 {
TrialGangster resigns} 0-1

[Event "ICS rated bullet match"]
[Site "204.178.125.65"]
[Date "2000.11.30"]
[Round "?"]
[White "Hossa"]
[Black "TrialGangster"]
[Result "1-0"]
[WhiteElo "2636"]
[BlackElo "1919"]
[PlyCount "79"]
[EventDate "2000.??.??"]

1. e4 Nf6 2. e5 Nd5 3. d4 Nb6 4. Nf3 d6 5. Bd3 Bg4 6. exd6 cxd6 7. h3 Bxf3 8.
Qxf3 Nc6 9. d5 Ne5 10. Bb5+ Nbd7 11. Qe2 a6 12. Bxd7+ Qxd7 13. O-O g6 14. f4 f6
15. fxe5 dxe5 16. Nc3 O-O-O 17. b4 e6 18. Qc4+ Kb8 19. dxe6 Qd6 20. Ne4 Qxb4
21. Qxb4 Bxb4 22. Rb1 Be7 23. Nxf6 Rhf8 24. Nd7+ Rxd7 25. Rxf8+ Bxf8 26. exd7
Kc7 27. Rxb7+ Kxb7 28. d8=Q Bc5+ 29. Kh2 Bb6 30. Qd5+ Ka7 31. Qf7+ Kb8 32. Qxh7
Bc7 33. Qxg6 e4+ 34. g3 e3 35. Qxa6 e2 36. Qxe2 Bxg3+ 37. Kxg3 Kc7 38. Qc4+ Kb8
39. Bf4+ Ka8 40. Qa6# {TrialGangster checkmated} 1-0

[Event "ICS rated bullet match"]
[Site "204.178.125.65"]
[Date "2000.11.30"]
[Round "?"]
[White "Hossa"]
[Black "TrialGangster"]
[Result "1-0"]
[WhiteElo "2638"]
[BlackElo "1917"]
[PlyCount "55"]
[EventDate "2000.??.??"]

1. e4 g6 2. d4 Bg7 3. c4 d6 4. Nc3 Nf6 5. Nf3 O-O 6. Be2 c5 7. dxc5 dxc5 8. O-O
Nc6 9. Be3 b6 10. Bf4 Bb7 11. Qxd8 Rfxd8 12. Rfd1 Rxd1+ 13. Rxd1 a6 14. Bc7 Nd4
15. Nxd4 cxd4 16. Rxd4 b5 17. Be5 b4 18. Na4 Nxe4 19. Bxg7 Kxg7 20. Bf3 f5 21.
c5 Rb8 22. Rxb4 a5 23. Rb6 g5 24. g4 fxg4 25. Bxe4 Rd8 26. Rxb7 Rd1+ 27. Kg2
Kf6 28. Nc3 {TrialGangster resigns} 1-0

[Event "ICS rated bullet match"]
[Site "204.178.125.65"]
[Date "2000.11.30"]
[Round "?"]
[White "Hossa"]
[Black "TrialGangster"]
[Result "1-0"]
[WhiteElo "2638"]
[BlackElo "1917"]
[PlyCount "39"]
[EventDate "2000.??.??"]

1. e4 g6 2. d4 Bg7 3. c4 d6 4. Nc3 c5 5. dxc5 Bxc3+ 6. bxc3 dxc5 7. Qxd8+ Kxd8
8. Be3 b6 9. Bd3 Nf6 10. Nf3 Nbd7 11. Bc2 Kc7 12. Bf4+ Kb7 13. e5 Ne8 14. Be4+
Kb8 15. e6+ Nd6 16. exd7 Bxd7 17. Bxa8 Kxa8 18. Bxd6 exd6 19. O-O-O Re8 20.
Rxd6 {TrialGangster resigns} 1-0

[Event "ICS rated bullet match"]
[Site "204.178.125.65"]
[Date "2000.11.30"]
[Round "?"]
[White "TrialGangster"]
[Black "Hossa"]
[Result "0-1"]
[WhiteElo "1917"]
[BlackElo "2638"]
[PlyCount "60"]
[EventDate "2000.??.??"]

1. d4 e6 2. e3 d5 3. c3 c5 4. Bd3 Nf6 5. f4 cxd4 6. exd4 Be7 7. Nf3 Bd6 8. O-O
Nc6 9. Nbd2 Bxf4 10. Nb3 Bd6 11. Rb1 Ng4 12. Qc2 Qc7 13. h3 Nh2 14. Rf2 Nxf3+
15. Rxf3 e5 16. Bxh7 e4 17. Rf1 Bh2+ 18. Kh1 Rxh7 19. Nc5 Kf8 20. c4 Nxd4 21.
Qd2 Qxc5 22. b4 Qxc4 23. Ba3 Bg3 24. b5+ Kg8 25. Rfc1 Qd3 26. Qxd3 exd3 27. Bc5
Ne2 28. Rd1 Bf5 29. Rb2 Rxh3+ 30. gxh3 Be4# {TrialGangster checkmated} 0-1

[Event "ICS rated bullet match"]
[Site "204.178.125.65"]
[Date "2000.11.30"]
[Round "?"]
[White "TrialGangster"]
[Black "Hossa"]
[Result "0-1"]
[WhiteElo "1917"]
[BlackElo "2638"]
[PlyCount "34"]
[EventDate "2000.??.??"]

1. d4 e6 2. c3 c5 3. e3 d5 4. Bd3 Nf6 5. Nd2 Nc6 6. f4 cxd4 7. exd4 Bd6 8. Ndf3
Ne7 9. Ne5 Qc7 10. Ngf3 Ne4 11. Bb5+ Nc6 12. O-O f6 13. Nxc6 bxc6 14. Bd3 Bxf4
15. Bxf4 Qxf4 16. Ne5 Qe3+ 17. Rf2 Qxf2+ {TrialGangster resigns} 0-1

[Event "ICS rated bullet match"]
[Site "204.178.125.65"]
[Date "2000.11.30"]
[Round "?"]
[White "Hossa"]
[Black "TrialGangster"]
[Result "1-0"]
[WhiteElo "2638"]
[BlackElo "1917"]
[PlyCount "31"]
[EventDate "2000.??.??"]

1. e4 g6 2. d4 Bg7 3. c4 e6 4. Nc3 c5 5. dxc5 Nf6 6. e5 Ng8 7. Nf3 Nc6 8. Bf4
Qa5 9. a3 Qxc5 10. Ne4 Qa5+ 11. b4 Qc7 12. Nd6+ Kf8 13. b5 Nce7 14. Bd3 Nf5 15.
Bxf5 exf5 16. Qd5 {TrialGangster resigns} 1-0

[Event "ICS rated bullet match"]
[Site "204.178.125.65"]
[Date "2000.11.30"]
[Round "?"]
[White "TrialGangster"]
[Black "Hossa"]
[Result "0-1"]
[WhiteElo "1917"]
[BlackElo "2638"]
[PlyCount "42"]
[EventDate "2000.??.??"]

1. d4 e6 2. e3 d5 3. Bd3 Nf6 4. c3 c5 5. Bc2 Bd6 6. f4 cxd4 7. exd4 Bd7 8. Nf3
Bb5 9. a4 Ba6 10. b4 b6 11. b5 Bb7 12. O-O Ne4 13. Bxe4 dxe4 14. Ne5 O-O 15.
Nd2 Qc7 16. Qc2 f6 17. Nec4 Bxf4 18. Ba3 Bxh2+ 19. Kh1 Rd8 20. Ne3 Qg3 21. Nd1
Qh4 {TrialGangster resigns} 0-1

[Event "ICS rated bullet match"]
[Site "204.178.125.65"]
[Date "2000.11.30"]
[Round "?"]
[White "Hossa"]
[Black "TrialGangster"]
[Result "1-0"]
[WhiteElo "2638"]
[BlackElo "1917"]
[PlyCount "49"]
[EventDate "2000.??.??"]

1. e4 e6 2. d4 d5 3. Nd2 Ne7 4. Ngf3 c5 5. dxc5 Nbc6 6. Bd3 d4 7. Nb3 e5 8. Bc4
Bg4 9. Bxf7+ Kxf7 10. Ng5+ Ke8 11. Qxg4 Qc8 12. Qe2 h6 13. Nh3 g6 14. f4 Qe6
15. O-O a6 16. fxe5 Nxe5 17. Nxd4 Qd7 18. Be3 Ng4 19. Rad1 Nxe3 20. Qxe3 Qc7
21. Ne6 Qe5 22. Qb3 Nc6 23. Nc7+ Qxc7 24. Qe6+ Ne7 25. Qf7# {
TrialGangster checkmated} 1-0

[Event "ICS rated bullet match"]
[Site "204.178.125.65"]
[Date "2000.11.30"]
[Round "?"]
[White "TrialGangster"]
[Black "Hossa"]
[Result "0-1"]
[WhiteElo "1917"]
[BlackElo "2638"]
[PlyCount "60"]
[EventDate "2000.??.??"]

1. f4 Nf6 2. Nf3 g6 3. d4 Bh6 4. e3 d5 5. c3 O-O 6. Bd3 Bg7 7. O-O Bg4 8. Nbd2
Bh6 9. Qc2 Nc6 10. Ne5 Nxe5 11. fxe5 Bxe3+ 12. Kh1 Nh5 13. Nf3 Bf4 14. g3 Bxc1
15. Raxc1 Qd7 16. Rf2 Ng7 17. Ng5 h6 18. Nf3 c6 19. Nh4 c5 20. b3 cxd4 21. cxd4
Rac8 22. Qb1 Bh3 23. Rcc2 Rxc2 24. Qxc2 Rc8 25. Qb1 Qc6 26. Nf3 Qc1+ 27. Bf1
Qxb1 28. Kg1 Rc2 29. Nd2 Rxd2 30. Rxd2 Qxf1# {TrialGangster checkmated} 0-1

[Event "ICS rated standard match"]
[Site "204.178.125.65"]
[Date "2000.11.30"]
[Round "?"]
[White "Hossa"]
[Black "PostModernist"]
[Result "1/2-1/2"]
[WhiteElo "2307"]
[BlackElo "2395"]
[PlyCount "218"]
[EventDate "2000.??.??"]

1. e4 e6 2. d4 d5 3. Nd2 c5 4. Ngf3 cxd4 5. Nxd4 Nf6 6. Bb5+ Bd7 7. exd5 Bxb5
8. Nxb5 a6 9. Nc3 Nxd5 10. Nxd5 Qxd5 11. O-O Nc6 12. Nf3 O-O-O 13. Be3 Qc4 14.
Qc1 Bc5 15. Bxc5 Qxc5 16. c3 h6 17. b4 Qc4 18. a4 g5 19. b5 axb5 20. axb5 Qxb5
21. Qe3 Qd5 22. Qb6 Qd6 23. Ra8+ Nb8 24. Qb3 Rd7 25. Nd4 g4 26. Kh1 e5 27. Nf5
Qc6 28. Ne3 h5 29. Rfa1 Rhd8 30. R8a5 f6 31. c4 Na6 32. Nd5 Rf7 33. Qd3 Qe6 34.
Qd2 h4 35. Rc5+ Kb8 36. Qa5 Rd6 37. Rb5 h3 38. Kg1 hxg2 39. Kxg2 Qf5 40. Kg1
Qd7 41. Rb6 Rxb6 42. Qxb6 Ka8 43. Kh1 f5 44. Qg6 Kb8 45. Qg8+ Ka7 46. Kg1 Rg7
47. Qf8 e4 48. Qc5+ Kb8 49. Qb6 Ka8 50. Qb2 Ka7 51. Qd4+ Kb8 52. Qe5+ Ka7 53.
Qc3 Rf7 54. Qd4+ Kb8 55. Qb6 Kc8 56. Qg6 Kb8 57. Qg8+ Ka7 58. Ra3 Qe6 59. Rb3
Qd7 60. Qg6 Rg7 61. Qb6+ Ka8 62. Ra3 Rh7 63. Qd4 Qe6 64. Ra1 Kb8 65. Nb6 Qe7
66. Qd5 Kc7 67. Rb1 Rh6 68. Na4 Kb8 69. Qg8+ Ka7 70. Nc3 Nc7 71. Qc8 Rb6 72.
Rxb6 Kxb6 73. Qxf5 e3 74. Qxg4 exf2+ 75. Kxf2 Qf6+ 76. Qf3 Qh4+ 77. Ke3 Qxc4
78. Qf6+ Ne6 79. h4 Ka5 80. Qe5+ Ka6 81. h5 Nc5 82. h6 b6 83. Qg7 Qd3+ 84. Kf2
Qd2+ 85. Kg3 Qe3+ 86. Kg4 Nd3 87. Kf5 Qf4+ 88. Ke6 Nc5+ 89. Kd5 Qf5+ 90. Kd6
Qe6+ 91. Kc7 Qe8 92. Kd6 Qe6+ 93. Kc7 b5 94. Nxb5 Qb6+ 95. Kc8 Qxb5 96. Qf6+
Ka7 97. Qf7+ Kb6 98. Qf6+ Ka5 99. Qd8+ Kb4 100. Qd4+ Ka3 101. Qa1+ Kb4 102.
Qd4+ Kb3 103. Qd5+ Kc3 104. h7 Qe8+ 105. Kc7 Nd3 106. Qc6+ Qxc6+ 107. Kxc6 Ne5+
108. Kc7 Nf7 109. h8=Q+ Nxh8 {
Game drawn because neither player has mating material} 1/2-1/2

[Event "ICS rated bullet match"]
[Site "204.178.125.65"]
[Date "2000.12.01"]
[Round "?"]
[White "Hossa"]
[Black "WhiteHorse"]
[Result "1-0"]
[WhiteElo "2638"]
[BlackElo "2403"]
[PlyCount "89"]
[EventDate "2000.??.??"]

1. e4 e6 2. d4 b6 3. c4 Bb7 4. Nc3 Nf6 5. f3 Be7 6. e5 Ng8 7. Nh3 h6 8. Bd3 a6
9. O-O d6 10. Nf2 g6 11. exd6 cxd6 12. d5 e5 13. f4 Nd7 14. Qe2 f6 15. Bxg6+
Kf8 16. Be3 Kg7 17. Bf5 Bc8 18. Qh5 Nc5 19. Qg6+ Kf8 20. Bxc8 Rxc8 21. Bxc5
Rxc5 22. fxe5 dxe5 23. Nd3 Qe8 24. Qe4 Kg7 25. Nxc5 Bxc5+ 26. Kh1 Qg6 27. Rf3
Qxe4 28. Nxe4 Be7 29. d6 Bd8 30. c5 bxc5 31. Nxc5 Kf7 32. Nxa6 Ke6 33. Rd1 f5
34. Nc5+ Kf6 35. Nb7 Bb6 36. Rb3 Bf2 37. d7 Ne7 38. Rd6+ Kg5 39. d8=R Rxd8 40.
Nxd8 Ng6 41. Nf7+ Kh5 42. Rh3+ Bh4 43. Rf6 f4 44. Rf5+ Kg4 45. Nxh6# {
WhiteHorse checkmated} 1-0

[Event "ICS rated bullet match"]
[Site "204.178.125.65"]
[Date "2000.12.01"]
[Round "?"]
[White "WhiteHorse"]
[Black "Hossa"]
[Result "0-1"]
[WhiteElo "2396"]
[BlackElo "2645"]
[PlyCount "58"]
[EventDate "2000.??.??"]

1. d4 e6 2. e3 d5 3. c3 c5 4. Bd3 Nf6 5. Nd2 cxd4 6. exd4 Bd6 7. f4 Bxf4 8. Qe2
Qd6 9. Ngf3 Ng4 10. Nf1 Bxc1 11. Rxc1 Nc6 12. h3 Nf6 13. N1d2 Nh5 14. Rg1 Nf4
15. Qe3 Nxd3+ 16. Qxd3 f6 17. Kd1 O-O 18. Re1 Qg3 19. Re2 Re8 20. Kc2 Qd6 21.
Rce1 e5 22. dxe5 fxe5 23. Ng1 Qc5 24. Nb3 Nb4+ 25. Kb1 Nxd3 26. Nxc5 Nxc5 27.
Nf3 Bf5+ 28. Ka1 Nb3+ 29. axb3 Re6 {WhiteHorse resigns} 0-1

[Event "ICS rated bullet match"]
[Site "204.178.125.65"]
[Date "2000.12.01"]
[Round "?"]
[White "Hossa"]
[Black "WhiteHorse"]
[Result "1-0"]
[WhiteElo "2651"]
[BlackElo "2390"]
[PlyCount "129"]
[EventDate "2000.??.??"]

1. d4 b6 2. c4 g6 3. e4 Bg7 4. Nf3 Bb7 5. Bd3 h6 6. O-O e6 7. Nc3 d6 8. Be3 a6
9. Qa4+ Nd7 10. Bf4 Ne7 11. Rfc1 O-O 12. Qb3 Kh7 13. d5 e5 14. Be3 Nc5 15. Bxc5
dxc5 16. a4 Nc8 17. a5 Rb8 18. axb6 cxb6 19. Rd1 Nd6 20. Na4 Ba8 21. Qc2 Qd7
22. Nc3 Bb7 23. b3 Ra8 24. Na4 Qc7 25. h4 Rfb8 26. h5 g5 27. Nh2 Rf8 28. Ng4
Bc8 29. Be2 Qe7 30. Nxb6 Rb8 31. Nxc8 Rfxc8 32. Rxa6 Qd7 33. Rda1 Ne8 34. Ra7
Rc7 35. Rxc7 Qxc7 36. Qc3 Rb7 37. Ra8 Qe7 38. Qe3 Rc7 39. Ra6 Rd7 40. Rc6 Nf6
41. Nxf6+ Bxf6 42. Qxc5 Qxc5 43. Rxc5 Kg7 44. Rc6 Ra7 45. c5 Be7 46. Bf1 Ra1
47. b4 Rd1 48. g4 Kf8 49. Rxh6 Ke8 50. Kg2 Kd7 51. d6 Bd8 52. Bb5+ Kc8 53. Ba6+
Kb8 54. Rh8 Ka7 55. Rxd8 Kxa6 56. h6 Rc1 57. h7 Rg1+ 58. Kxg1 f5 59. exf5 Kb5
60. Rb8+ Kc4 61. d7 e4 62. d8=Q e3 63. h8=Q Kb3 64. Qd3+ Ka4 65. Qe8# {
WhiteHorse checkmated} 1-0

[Event "ICS rated bullet match"]
[Site "204.178.125.65"]
[Date "2000.12.01"]
[Round "?"]
[White "Hossa"]
[Black "WhiteHorse"]
[Result "1-0"]
[WhiteElo "2663"]
[BlackElo "2378"]
[PlyCount "65"]
[EventDate "2000.??.??"]

1. e4 e6 2. d4 d5 3. Nd2 dxe4 4. Nxe4 Nc6 5. Bb5 Bd7 6. Nf3 Nf6 7. Nxf6+ Qxf6
8. O-O h6 9. Ne5 Bd6 10. Nxd7 Kxd7 11. c3 a6 12. Ba4 Rad8 13. Qe2 b5 14. Bc2
Rhe8 15. a4 b4 16. Qxa6 Ra8 17. Qc4 Reb8 18. Re1 Rb6 19. Be4 Raa6 20. cxb4 Nxb4
21. a5 Rb8 22. Bd2 Nc2 23. Bxc2 Rc6 24. Ba4 Ke7 25. Bxc6 Kf8 26. b4 Kg8 27. d5
Rd8 28. dxe6 Kh8 29. Bc3 Qh4 30. Qxh4 f6 31. Bxf6 Rf8 32. Qxh6+ Kg8 33. Qxg7# {
WhiteHorse checkmated} 1-0